[Event "Sautron op 16th"]
[Site "Sautron"]
[Date "2016.10.29"]
[Round "9.22"]
[White "Harutyunyan, Ruben"]
[Black "Legolles, Frederic"]
[Result "1-0"]
[WhiteElo "2136"]
[BlackElo "1854"]
[PlyCount "129"]
[EventDate "2016.10.22"]
[EventType "swiss"]
[EventRounds "9"]
[EventCountry "FRA"]
[SourceTitle "EXT 2019"]
[Source "ChessBase"]
[SourceDate "2018.10.10"]
[SourceVersion "1"]
[SourceVersionDate "2018.10.10"]
[SourceQuality "1"]

1. e4 c5 2. Nc3 Nc6 3. Bb5 e6 4. Bxc6 bxc6 5. d3 Qc7 6. Nge2 d5 7. 0-0 Nf6 8. b3 Be7 9. f3 0-0 10. Ba3 e5 11. Qe1 Be6 12. Qf2 Nd7 13. Na4 d4 14. Kh1 f5 15. exf5 Bxf5 16. Rfe1 Bd6 17. Ng3 Bg6 18. Qe2 Rab8 19. Ne4 Bxe4 20. fxe4 Rf7 21. Rf1 Rbf8 22. Kg1 Qd8 23. Rxf7 Rxf7 24. Bc1 Qh4 25. Bd2 Be7 26. g3 Qf6 27. Rf1 Qxf1+ 28. Qxf1 Rxf1+ 29. Kxf1 Kf7 30. Nb2 Kg6 31. Nc4 Bg5 32. Ba5 Kf7 33. Bc7 Ke6 34. Ke2 Be7 35. Kf3 g6 36. h3 h6 37. Ke2 Bf8 38. Na5 Bd6 39. Bd8 Nb8 40. Nc4 Na6 41. a3 Bc7 42. Bxc7 Nxc7 43. Kf3 Nb5 44. Kg4 Nc7 45. h4 Ne8 46. Na5 Nf6+ 47. Kf3 Kd7 48. Nb7 Kc7 49. Nxc5 Kd6 50. b4 h5 51. Nb7+ Kc7 52. Na5 Ng4 53. Nc4 a6 54. a4 c5 55. b5 axb5 56. axb5 Kb7 57. Ke2 Ka7 58. Kd2 Kb7 59. Kc1 Ka7 60. Kb2 Kb7 61. Kb3 Ka7 62. Ka4 Ne3 63. Nxe5 Nxc2 64. Kb3 Nb4 65. Kc4 1-0

[Event "Rohde op 10th"]
[Site "Sautron"]
[Date "2010.10.29"]
[Round "8"]
[White "Le Baut, Daniel"]
[Black "Legolles, Frederic"]
[Result "0-1"]
[WhiteElo "1581"]
[BlackElo "1944"]
[PlyCount "30"]
[EventDate "2010.10.23"]
[EventType "swiss"]
[EventRounds "9"]
[EventCountry "FRA"]
[SourceTitle "EXT 2012"]
[Source "ChessBase"]
[SourceDate "2011.11.24"]
[SourceVersion "1"]
[SourceVersionDate "2011.11.24"]
[SourceQuality "1"]

1. e4 c5 2. Nf3 Nc6 3. d4 cxd4 4. Nxd4 Nf6 5. Nc3 e5 6. Nb3 Bb4 7. f3 Nxe4 8. fxe4 Qh4+ 9. Ke2 Bxc3 10. bxc3 d5 11. Qxd5 Bg4+ 12. Ke3 Rd8 13. g3 Qg5+ 14. Kf2 Qf6+ 15. Ke1 Rxd5 0-1

[Event "Sautron op"]
[Site "Sautron"]
[Date "2005.??.??"]
[Round "?"]
[White "Legolles, Frederic"]
[Black "Berthelot, Yannick"]
[Result "0-1"]
[WhiteElo "1863"]
[BlackElo "2313"]
[PlyCount "70"]
[EventDate "2005.09.10"]
[EventType "swiss"]
[EventRounds "7"]
[EventCountry "FRA"]
[SourceTitle "EXT 2007"]
[Source "ChessBase"]
[SourceDate "2006.11.23"]
[SourceVersion "1"]
[SourceVersionDate "2006.11.23"]
[SourceQuality "1"]

1. e4 c5 2. Nf3 Nc6 3. d4 cxd4 4. Nxd4 Nf6 5. Nc3 d6 6. Bc4 e6 7. Bg5 Be7 8. f4 Qb6 9. Nb3 0-0 10. Qf3 Bd7 11. 0-0-0 Na5 12. Nxa5 Qxa5 13. Bb3 Bc6 14. Qh3 b5 15. e5 dxe5 16. fxe5 b4 17. Bxf6 gxf6 18. exf6 Bxf6 19. Ne2 Qe5 20. Qg3+ Kh8 21. Qxe5 Bxe5 22. Ng3 Bxg2 23. Rhe1 Bxg3 24. hxg3 Rad8 25. Re5 Rxd1+ 26. Kxd1 Rg8 27. Rb5 Rxg3 28. Rxb4 h5 29. Ke2 Kg7 30. Kf2 Rg5 31. Ra4 a5 32. Rh4 Bc6 33. c4 Rg2+ 34. Ke3 Rxb2 35. Rxh5 a4 0-1

[Event "Nantes op 3rd"]
[Site "Nantes"]
[Date "2004.12.29"]
[Round "4"]
[White "Legolles, Frederic"]
[Black "De Hargues, Remy"]
[Result "1/2-1/2"]
[WhiteElo "1830"]
[BlackElo "1530"]
[PlyCount "50"]
[EventDate "2004.12.27"]
[EventType "swiss"]
[EventRounds "7"]
[EventCountry "FRA"]
[SourceTitle "EXT 2006"]
[Source "ChessBase"]
[SourceDate "2005.11.24"]
[SourceVersion "1"]
[SourceVersionDate "2005.11.24"]
[SourceQuality "1"]

1. d4 d5 2. c4 e6 3. Nf3 Nf6 4. Bg5 Be7 5. Nc3 Nbd7 6. cxd5 exd5 7. e3 0-0 8. Bd3 Re8 9. 0-0 Nf8 10. Qc2 c6 11. Rab1 Ne4 12. Bxe7 Qxe7 13. b4 Ng6 14. b5 Bg4 15. Nd2 Nxd2 16. Qxd2 Nh4 17. e4 Bh3 18. Qf4 Bxg2 19. Rfe1 dxe4 20. Bxe4 Bxe4 21. Rxe4 Ng6 22. Rxe7 Nxf4 23. Rxb7 cxb5 24. R7xb5 Rac8 25. Rc5 Ne6 1/2-1/2

[Event "Sautron Retif op 0405"]
[Site "Sautron"]
[Date "2004.11.27"]
[Round "3"]
[White "Gossieaux, Pol Bernard"]
[Black "Legolles, Frederic"]
[Result "1/2-1/2"]
[WhiteElo "1699"]
[BlackElo "1830"]
[PlyCount "66"]
[EventDate "2004.10.16"]
[EventType "swiss"]
[EventRounds "7"]
[EventCountry "FRA"]
[SourceTitle "EXT 2007"]
[Source "ChessBase"]
[SourceDate "2006.11.23"]
[SourceVersion "1"]
[SourceVersionDate "2006.11.23"]
[SourceQuality "1"]

1. e4 c5 2. Nf3 Nc6 3. Bc4 e6 4. e5 d5 5. exd6 Bxd6 6. d3 Nge7 7. Nc3 0-0 8. Ne4 b6 9. Nfg5 Nd5 10. Qh5 h6 11. Nxd6 Qxd6 12. Ne4 Qe7 13. Bxd5 exd5 14. Qxd5 Nb4 15. Qxa8 Nxc2+ 16. Kd2 Nxa1 17. Re1 Be6 18. Qc6 Bxa2 19. Nf6+ Qxf6 20. Qxf6 gxf6 21. Kc3 Nb3 22. Bxh6 Rd8 23. Be3 Nd4 24. b3 Bxb3 25. Bxd4 Rxd4 26. Kxb3 Rxd3+ 27. Kc2 Rd7 28. Re4 Rd4 29. Rxd4 cxd4 30. f4 Kg7 31. Kd3 Kg6 32. Kxd4 Kh5 33. g3 Kg4 1/2-1/2